So begann die Arbeit der ersten PDS-Fraktion in der SVV. (Titelsatznr. 235894)
[ MARC ]
| 000 -Satzkennung | |
|---|---|
| Kontrollfeld mit fester Länge | 00669nab a2200193 4500 |
| 001 - Kontrollnummer | |
| Kontrollfeld | 241720 |
| 003 - Kontrollnummer Identifier | |
| Kontrollfeld | OSt |
| 005 - Datum und Zeit der letzten Transaktion | |
| Kontrollfeld | 20210719130227.0 |
| 007 - Feld mit fester Länge zur physischen Beschreibung - Allgemeine Information | |
| Kontrollfeld mit fester Länge | tu |
| 008 - Feld mit fester Länge zur physischen Beschreibung - Allgemeine Angaben | |
| Kontrollfeld mit fester Länge | 181220s2018||||||| |
| 040 ## - Katalogisierungsquelle | |
| Original-Katalogisierungsstelle | DE-2950 |
| Übertragungsstelle | DE-2950 |
| 245 04 - Titel | |
| Titel | So begann die Arbeit der ersten PDS-Fraktion in der SVV. |
| Zusatz zum Titel | Sonnhild Grünberg im Interview mit Genossin Waltraud Endler, Fraktionsvorsitzende der ersten PDS-Fraktion 1990 in der Stadtverordnetenversammlung Frankfurt (Oder) . |
| 264 ## - Produktion, Veröffentlichung, Distribution, Herstellung und Urheberrechtsvermerk | |
| Datum der Herstellung, der Veröffentlichung, des Vertriebs oder des Urheberschutzvermerks | 2021 |
| 500 ## - Allgemeine Fußnote | |
| Allgemeine Fußnote | Format: 2 |
| 653 ## - Indexierungsterm - Nicht normiert | |
| Nicht-normierter Term | Frankfurt (Oder) |
| 653 ## - Indexierungsterm - Nicht normiert | |
| Nicht-normierter Term | Partei des Demokratischen Sozialismus (PDS) |
| 773 0# - Übergeordnete Einheit | |
| Verknüpfungsangaben | 04/2021 vom 22.04.2021, S. 17: Foto. |
| Titel | Der rote Hahn |
| 942 ## - Zusätzliche Felder (Koha) | |
| Klassifikation oder Aufstellungssystematik | Andere/Generische Klassifikation |
| Koha-Medientyp | Aufsätze |
| Ausgeschieden | Verloren | Klassifikation oder Aufstellungssystematik | Beschädigt | Nicht entleihbar | Heimatbibliothek | Aufenthaltsbibliothek | Aufstellungsort | Erwerbungsdatum | Anzahl Ausleihen | Signatur | Letzte Aktivität | Preis gültig von | Koha-Medientyp |
|---|---|---|---|---|---|---|---|---|---|---|---|---|---|
| Andere/Generische Klassifikation | Stadtarchiv Frankfurt (Oder) | Archivbibliothek | Stadtarchiv Frankfurt (Oder) | Archivbibliothek | Magazin | 19/07/2021 | IV: 1042 | 19/07/2021 | 19/07/2021 | Aufsätze |